Za prvým okrúhlym stolom od roku 1993 ustúpili kľúčové záujmy štátu straníckym malichernostiam V. Mečiar: Dialóg je nevyhnutnou podmienkou porozumenuia a poznania

Bibliographic Details
Main Authors: (dk) (Author), (mš) (Author)
Format: Article
Language:Slovak
Subjects:

MARC

LEADER 00000nab a2200000 a 4500
001 vtls000628961
003 SK-MaSNL
005 20260426073936.0
008 201103c1997 xo 0 slo
015 |a SNBRB19rr/mm-uuuuu 
035 |a CL0629100 
040 |a SNKBUCL  |b slo  |c SNKBUCL  |e AACR2 
041 0 |a slo 
044 |a xo  |c SK 
080 |a 329.051(437.6):329.052(437.6):328.1(437.6)  |2 1981 
080 |a 329.052(437.6)  |2 1981 
080 |a 328.1(437.6)  |2 1981 
100 1 |a (dk)  |4 aut  |9 809269 
245 1 0 |a Za prvým okrúhlym stolom od roku 1993 ustúpili kľúčové záujmy štátu straníckym malichernostiam  |b V. Mečiar: Dialóg je nevyhnutnou podmienkou porozumenuia a poznania  |c (dk), (mš) 
650 0 7 |a strany politické vládne  |2 snkbucl  |9 899609 
650 0 7 |a strany politické opozičné  |2 snkbucl  |9 897206 
651 7 |a Slovensko  |2 SNKPHgeo  |9 14231 
655 7 |a články z novín a časopisov  |2 snkbucl  |9 267496 
700 1 |a (mš)  |4 aut  |9 854210 
773 0 |t Slovenská republika  |g Roč. 5, č. 154 (7. 7. 1997), s. 1-2 
850 |a Slovenská národná knižnica v Martine  |a MTA001 
852 |a SNK  |b KIS3GCP 
958 |a SK 
958 |a RK 
958 |a RBX 
999 |c 2720283  |d 2722213